000
00295nam a2200085Ia 4500
245
0
_a
What's the big deal about sex? : loving God's way
100
_a
BURGEN, Jim Wellington [South Africa], 2001 South African ed., 1st ed
_9
81962
942
_c
BK
008
210817s9999 xx 000 0 und d
999
_c
294602
_d
294600